Выявление перспективных скважин в палеозойских отложениях путем применения статистически-корреляционной интерпретации данных ГИС; Проблемы геологии и освоения недр; Т. 1
| Parent link: | Боев, А. С. (химик ; 1981-). Проблемы геологии и освоения недр=Problems of Geology and Subsurface Development: труды XXVII Международного молодежного научного симпозиума имени академика М.А. Усова, посвященного 160-летию со дня рождения академика В.А. Обручева и 140-летию академика М.А. Усова, основателям Сибирской горно-геологической школы, 3-7 апреля 2023 г., г. Томск/ Национальный исследовательский Томский политехнический университет, Инженерная школа природных ресурсов ; гл. ред. А. С. Боев ; под ред. Е. Ю. Пасечник.— .— Томск: Изд-во ТПУ, 2023 Т. 1.— 2023.— С. 26-28 |
|---|---|
| Hlavní autor: | |
| Korporativní autor: | |
| Další autoři: | |
| Shrnutí: | Заглавие с экрана Текстовый файл |
| Jazyk: | ruština |
| Vydáno: |
2023
|
| Edice: | Палеогеография и эволюция осадочных бассейнов |
| Témata: | |
| On-line přístup: | http://earchive.tpu.ru/handle/11683/77734 |
| Médium: | Elektronický zdroj Kapitola |
| KOHA link: | https://koha.lib.tpu.ru/cgi-bin/koha/opac-detail.pl?biblionumber=669895 |
MARC
| LEADER | 00000naa2a2200000 4500 | ||
|---|---|---|---|
| 001 | 669895 | ||
| 005 | 20240401124620.0 | ||
| 090 | |a 669895 | ||
| 100 | |a 20231206d2023 k||y0rusy50 ca | ||
| 101 | 0 | |a rus | |
| 102 | |a RU | ||
| 135 | |a drcn ---uucaa | ||
| 200 | 1 | |a Выявление перспективных скважин в палеозойских отложениях путем применения статистически-корреляционной интерпретации данных ГИС |f Жданова Ю. Ю. |g науч. рук. Мельник И. А. ; Инженерная школа природных ресурсов НИ ТПУ | |
| 225 | 1 | |a Палеогеография и эволюция осадочных бассейнов | |
| 300 | |a Заглавие с экрана | ||
| 320 | |a Библиография: с. 28 | ||
| 336 | |a Текстовый файл | ||
| 461 | 1 | |0 669747 |t Проблемы геологии и освоения недр |l Problems of Geology and Subsurface Development |o труды XXVII Международного молодежного научного симпозиума имени академика М.А. Усова, посвященного 160-летию со дня рождения академика В.А. Обручева и 140-летию академика М.А. Усова, основателям Сибирской горно-геологической школы, 3-7 апреля 2023 г., г. Томск |f Национальный исследовательский Томский политехнический университет, Инженерная школа природных ресурсов ; гл. ред. А. С. Боев ; под ред. Е. Ю. Пасечник |d 2023 |9 669747 |a Боев, А. С. (химик ; 1981-) |c Томск |n Изд-во ТПУ | |
| 463 | 1 | |0 669758 |t Т. 1 |v С. 26-28 |d 2023 |9 669758 |p 1 файл (13,2 MB, 277 с.) |u conference_tpu-2023-C11_V1.pdf | |
| 610 | 1 | |a труды учёных ТПУ | |
| 610 | 1 | |a электронный ресурс | |
| 610 | 1 | |a скважины | |
| 610 | 1 | |a палеозойские отложения | |
| 610 | 1 | |a статистически-корреляционные интерпретации | |
| 610 | 1 | |a данные ГИС | |
| 700 | 1 | |a Жданова |b Ю. Ю. | |
| 702 | 1 | |a Мельник |b И. А. |c специалист в области нефтегазового дела |c профессор Томского политехнического университета, доктор геолого-минералогических наук |f 1962- |g Игорь Анатольевич |4 727 | |
| 712 | 0 | 2 | |a Национальный исследовательский Томский политехнический университет |b Инженерная школа природных ресурсов |b Отделение геологии |3 (RuTPU)RU\TPU\col\23542 |9 28339 |
| 801 | 0 | |a RU |b 63413507 |c 20231206 |g RCR | |
| 856 | 4 | |u http://earchive.tpu.ru/handle/11683/77734 |z http://earchive.tpu.ru/handle/11683/77734 | |
| 942 | |c CF | ||